000 02060 a2200217 4500
001 26306
005 20260407155543.0
008 260407a1967 arg spa d
003 AR-UNSa-BCEJYS
040 _aAR-UNSa-BCEJYS
_bspa
_cAR-UNSa-BCEJYS
080 _a330.4
_xEconomía matemática
245 1 0 _aMétodos fundamentales de economía matemática
264 1 _aBuenos Aires :
_bAmorrortu Editores
_c1967
300 _a801 p.
_c24 cm.
505 _aParte I: Introducción : 1. La naturaleza de la economía matemática - 2. Modelos económicos - Parte II : Análisis estático( o de equilibrio): 3. El análisis de equilibrio en la economía - 4. Modelos lineales y álgebra matricial - 5. Modelos lineales y álgebra matricial(continuación) - Parte III : Análisis estático-comparativo : 6. La estática comparativa y el concepto de derivadas - 7. Reglas de diferenciación y su uso en la estática comparativa - 8. Análisis estático- comparativo de modelos de funciones generales - Parte IV : Problemas de optimización : 9. Optimización: una variedad especial del análisis de equilibrio - 10. Funciones exponenciales y logarítmicas - 11. El caso de más de una variable de elección - 12. Optimización restringida - Parte V : Análisis dinámico: 13. Dínamica económica y cálculo integral - 14. Tiempo continuo: ecuaciones diferenciales de primer orden - 15. Ecuaciones diferenciales de orden superior - 16. El tiempo como variable discreta: ecuaciones en diferencias de primer orden - 17. Ecuaciones en diferencia de orden superior y modelos dinámicos con ecuaciones simultáneas - Parte VI : Programación lineal y teoría de los juegos : 18. Programción lineal - 19. Programación lineal (continuación)- 20. Teoría de los juegos - Apéndice. Soluciones de los ejercicios
041 _aspa
942 _cBK
590 _aniveau_biblio:m niveau_hierar:0
100 1 _aChiang, Alpha C.
856 4 1 _uhttps://biblioeco.unsa.edu.ar/pmb/images/libros/Metodos fundamentales de economia matematica-l87950.jpg
_yImagen de portada
_qimage/jpeg
999 _c1448
_d1448